| 000 | 00618nam a2200205 u 4500 | ||
|---|---|---|---|
| 005 | 20240831063737.0 | ||
| 008 | 101020s2006 es r 000 0 spa d | ||
| 020 | _a8423678601 | ||
| 035 | _aUPN01000178303 | ||
| 049 | _aI | ||
| 050 | 4 |
_aPQ6669 I3.7 _bM5.7 |
|
| 100 | 1 |
_aSierra i Fabra, Jordi, _d1947- _930256 |
|
| 245 | 1 | 3 |
_aEl misterio del diamante galáctico / _cJordi Sierra i Fabra. |
| 260 |
_aBarcelona, Esp. : _bEdebé, _c2006. |
||
| 300 |
_a196 p. : _bil. |
||
| 650 | 4 |
_aCuentos infantiles españoles _97725 |
|
| 650 | 0 |
_aCuentos policíacos y de misterio _92405 |
|
| 905 | _aInfantil | ||
| 999 |
_c150406 _d150406 |
||